Statistics for Robin Williams Memorial Quiz

Click here to take the quiz!

General Stats

  • This quiz has been taken 221 times
    (201 since last reset)
  • The average score is 7 of 15

Answer Stats

Hint Answer % Correct
He played a hyperactive radio jockeyGood Morning Vietnam
78%
Name of his character in HookPeter Banning
75%
A game for those who seek to find a way to leave their world behindJumanji
75%
TV show where he played an alienMork and Mindy
73%
Your favorite Robin Williams movieRest in peace, Mr. Williams
73%
The occupation of his character in Good Will HuntingProfessor/therapist
69%
Who he played in Night at the MuseumTheodore Roosevelt
64%
O Captain My CaptainDead Poets Society
54%
The style of acting he was well-known forAd-libbing
36%
His costar in the birdcageNathan Lane
34%
Where he studied actingJuilliard
23%
In Jack, his character aged ____X faster than a normal humanFour
14%
The comedian who was one of Williams's influences (played his son in ^)Jonathan Winters
11%
What his character was searching for in the Fisher KingThe Holy Grail
11%
TED Talk he crashedBBC World Debate
1%

Score Distribution

Percentile by Number Answered

Percent of People with Each Score

Your Score History

You have not taken this quiz since the last reset